God Of War 2018 and 2022 Quiz - Statistics

General Stats
  • This quiz has been taken 239 times
    198 since last reset
  • The average score is 19 of 30
Answer Stats
Hint Answer % Correct
Kratos's son Atreus
99%
Kratos's son's weapon Bow
94%
Main antagonist of the second game Odin
94%
The witch in the woods Freya
92%
Leader of the resistance Freyr
92%
The Blue drawf Brok
90%
Kratos called him "head" sometimes. Mimir
90%
The person killed at the end of the 2018 game Baldur
89%
The germaphobe dwarf Sindri
89%
The actual god of war Tyr
87%
Place that gets destroyed in the second game Asgard
85%
Who helped kratos make the frozen lightning bolt Thor
85%
What does Kratos's son turn into in Midgard Bear
78%
What does Kratos's son turn into in Jotunheim Wolf
74%
Name of the dlc? Valhalla
70%
The god of hope Kratos
67%
The snake around Midgard Jormungandr
66%
Who possessed said dog? Fenrir
61%
Item used to increase max hp Idunno apple
57%
Who is the big dog in helheim Garm
55%
Thor's wife Lady Sif
49%
Kratos's wife Laufey
46%
tender to the world tree Ratatoskr
43%
New weapon in the second game. Draupnir Spear
37%
New (annoying) dwarf Lunda
31%
Most powerful armor in the second game Berserker
21%
Main enemy Draugr
18%
Item used to increase max rage Horn of Blood Mead
13%
Flying enemy Nightmare
11%
The giant in hoenheim. Painter of the closets Angerboda
9%
No matching quizzes found
Score Distribution
Percent of People with Each Score
Percentile by Number Answered
Your Score History
You have not taken this quiz since the last reset